| 000 | 00782nam a22002537a 4500 | ||
|---|---|---|---|
| 003 | OSt | ||
| 005 | 20150408114126.0 | ||
| 008 | 130314s 2012xxu||||f |||| 00| 0 eng d | ||
| 020 | _a9780077133238 | ||
| 040 | _ama_un | ||
| 082 |
_221 _a612 _bMSH |
||
| 100 |
_amader, sylvia s _96601 |
||
| 245 |
_ahuman biology / _c sylvia s mader, michael windelspechtm ; lynn preston |
||
| 250 | _a12th ed | ||
| 260 |
_anew york : _bconnect learn succeed, _c2012c |
||
| 300 |
_a592 p. : _blii ; _c29 cm |
||
| 500 | _aIncludes indexes | ||
| 504 | _aIncludes a bibliography | ||
| 650 |
_aHuman biology _vProblems, exercises, etc _934364 |
||
| 650 |
_aHuman biology _vText books _934365 |
||
| 700 |
_a preston lynn _934366 |
||
| 700 |
_a windelspechtm michael _934367 |
||
| 942 |
_2ddc _cBOOK |
||
| 999 |
_c29074 _d263574 |
||